000
00298nam a22001337a 4500
008
180226b xxu||||| |||| 00| 0 eng d
020
_a
9780131580244
041
_a
eng
080
_a
375.2
100
_a
25
101
_a
EDU
245
_a
K-12 CALSSROOM TEACHING
_c
ANDREA.M.G
942
_2
udc
_c
BK
999
_c
43525
_d
43525